| 000 | 00931nas a2200301 4500 | ||
|---|---|---|---|
| 001 | BR2011004573 | ||
| 003 | BR-BrBNA | ||
| 005 | 20231205115535.0 | ||
| 007 | ta | ||
| 008 | 230509b bl.|||p| |||| 00| 00por d | ||
| 040 |
_aBR-BrBNA _bpor _cBiblioteca Nacional de Agricultura |
||
| 041 | _a(Pt) | ||
| 072 | _aH20 | ||
| 100 | 1 | _aBastos, C.N. | |
| 100 | 1 | _aBezerra, J.L. | |
| 245 | 1 | _aPodridão de frutos do cacaueiro causada por Cylindrocladium scoparium Morg | |
| 246 | 1 | _aCocoa pod rot caused by Cylindrocladium scoparium Morg | |
| 650 | _aCACAU | ||
| 650 | _aTHEOBROMA CACAO | ||
| 650 | _aPODRIDÃO | ||
| 650 | _aFUNGO | ||
| 650 | _aDOENÇA DE PLANTA | ||
| 650 | _aCYLINDROCLADIUM SCOPARIUM | ||
| 773 | 0 |
_tAgrotrópica (Brazil) _xISSN 0103-3816 _g(May-Aug 2010), v. 22(2) p. 107-110 _wBR2011004573 |
|
| 856 | 4 | 0 | _dLink DSPACE/MAPA BR2011004573 |
| 909 |
_a202311 _bLúcia _c55 _dLúcia Elande |
||
| 942 |
_2AGRIS _n0 _cANA |
||
| 999 |
_c214331 _d214331 |
||